000 00672nam a22001577a 4500
003 OSt
005 20150929152532.0
008 150929b xxu||||| |||| 00| 0 eng d
040 _cRUA
082 _aAGR DUK 2003 B008 r.1
100 _91568
_aDUK, SARATH.
245 _aLevel of pesticde appication on main crop in saang district, kadal province, កំរិតនៃការប្រើប្រាស់ថ្នាំពុលការពារដំណាំទៅលើដំណាំសំខាន់ៗ នៅស្រុកស្អាង ខេត្តកណ្តាល
260 _aPhnom Penh
_bRUA
_c2003
300 _a43p.
_bill.
_c29cm.
942 _2ddc
_cAGR
999 _c1478
_d1478